Electronic Instrumentation / (Record no. 193283)
[ view plain ]
| 000 -LEADER | |
|---|---|
| fixed length control field | 01089 a2200193 4500 |
| 003 - CONTROL NUMBER IDENTIFIER | |
| control field | Nust |
| 005 - DATE AND TIME OF LATEST TRANSACTION | |
| control field | 20221121115717.0 |
| 020 ## - INTERNATIONAL STANDARD BOOK NUMBER | |
| International Standard Book Number | 0070583706 |
| 040 ## - CATALOGING SOURCE | |
| Transcribing agency | Nust |
| 082 ## - DEWEY DECIMAL CLASSIFICATION NUMBER | |
| Classification number | 621.381,KAL |
| 100 ## - MAIN ENTRY--PERSONAL NAME | |
| Personal name | Kalsi, H. S. |
| 9 (RLIN) | 103257 |
| 245 ## - TITLE STATEMENT | |
| Title | Electronic Instrumentation / |
| Statement of responsibility, etc. | H.S. Kalsi |
| 250 ## - EDITION STATEMENT | |
| Edition statement | 2nd Editon |
| 260 ## - PUBLICATION, DISTRIBUTION, ETC. | |
| Place of publication, distribution, etc. | New Delhi |
| Name of publisher, distributor, etc. | Tata McGraw-Hill |
| Date of publication, distribution, etc. | 2004 |
| 300 ## - PHYSICAL DESCRIPTION | |
| Extent | 801 p. |
| 505 ## - FORMATTED CONTENTS NOTE | |
| Formatted contents note | Qualities of Instruments (Page-1), Indicators and Display Devices (Page-20), Ammeters (Page-57), Voltmeters and MultiMate’s (Page-68) Digital Voltmeters (Page-104), Digital Instruments(Page-122), Oscilloscope (Page-151), Signal Generators (Page-206), Wave Analyzer and Harmonic Distortion (Page-232), Measuring Instruments (Page-249), Bridges (Page-286), Recorders (Page-318), Transducers (Page-351), Signal Conditioning (Page-409), Filters (Page-444), Measurement Set Up (Page-514), Data Acquisition and Conversion (Page-533), Data Transmission (Page-582), Frequency Standards (Page-612), Measurement of Power (Page-617). |
| 650 ## - SUBJECT ADDED ENTRY--TOPICAL TERM | |
| Topical term or geographic name entry element | Electronic Instrumentation |
| 9 (RLIN) | 103258 |
| 942 ## - ADDED ENTRY ELEMENTS (KOHA) | |
| Source of classification or shelving scheme | |
| Koha item type | Book |
| Withdrawn status | Lost status | Source of classification or shelving scheme | Damaged status | Not for loan | Permanent Location | Current Location | Shelving location | Date acquired | Full call number | Barcode | Date last seen | Price effective from | Koha item type | Public note |
|---|---|---|---|---|---|---|---|---|---|---|---|---|---|---|
| Military College of Signals (MCS) | Military College of Signals (MCS) | General Stacks | 12/12/2016 | 621.381,KAL | MCS31159 | 12/08/2016 | 12/12/2016 | Book | Almirah No.31, Shelf No.3 |
